000
00256nam a2200109Ia 4500
008
240625s9999 xx 000 0 und d
041
_a
eng
082
_a
332.024 BUC
100
_a
BUCCI STEVE
245
_a
CREDIT MANAGEMENT KIT FOR DUMMIES
260
_c
2011
999
_c
35217
_d
35217